| 000 | 00778nam a2200217 a 4500 | ||
|---|---|---|---|
| 001 | 000565190 | ||
| 003 | AM-YeHGA | ||
| 005 | 20250618073308.0 | ||
| 008 | 070502s1905 gs |||||||||||||||0|arm|d | ||
| 040 | _aAM-YeHGA | ||
| 041 | 1 | _aarm | |
| 100 | 1 |
_aԱրծրունի, Վահան Մարգարի, _d1857-1947 _92248 |
|
| 245 | 1 | 0 |
_aԽոլերայի մասին : _bԺողովրդին կարդալու քարոզ / _cՎ. Արծրունի. |
| 260 |
_aԹիֆլիս : _bտպ. Հերմէս, _c1905. |
||
| 300 |
_a16 էջ ; _c16 սմ. |
||
| 440 | 0 |
_aԲժշկի թերթիկներ _v№ 3 |
|
| 500 | _aՁրի յաւելուած «Առողջապահիկ թերթ»-ի | ||
| 650 | 1 | 4 |
_aՎարակիչ հիվանդություններ _xԽոլերա |
| 942 |
_2udc _cBK |
||
| 090 | _c223286 | ||
| 999 |
_c221752 _d221752 |
||